<?xml version="1.0" encoding="UTF-8"?>
<record
    xmlns:xsi="http://www.w3.org/2001/XMLSchema-instance"
    xsi:schemaLocation="http://www.loc.gov/MARC21/slim http://www.loc.gov/standards/marcxml/schema/MARC21slim.xsd"
    xmlns="http://www.loc.gov/MARC21/slim">

  <leader>02361nam a2200325 i 4500</leader>
  <controlfield tag="001">000047568</controlfield>
  <controlfield tag="003">DO-SdBNP</controlfield>
  <controlfield tag="005">20231206132019.0</controlfield>
  <controlfield tag="007">ta</controlfield>
  <controlfield tag="008">180703s2017    dr abc        000 0 spa d</controlfield>
  <datafield tag="020" ind1=" " ind2=" ">
    <subfield code="a">9789945908848</subfield>
  </datafield>
  <datafield tag="040" ind1=" " ind2=" ">
    <subfield code="a">DO-SdBNP</subfield>
    <subfield code="b">spa</subfield>
    <subfield code="c">BNPHU</subfield>
    <subfield code="e">rda</subfield>
  </datafield>
  <datafield tag="082" ind1=" " ind2="4">
    <subfield code="b">R175h</subfield>
    <subfield code="2">22</subfield>
  </datafield>
  <datafield tag="100" ind1="1" ind2=" ">
    <subfield code="a">Ramos, Emelda,</subfield>
    <subfield code="d">1948</subfield>
    <subfield code="9">1915</subfield>
    <subfield code="e">autora</subfield>
  </datafield>
  <datafield tag="245" ind1="1" ind2="0">
    <subfield code="a">Historiograf&#xED;a y literatura de Salcedo, 1865-1965 /</subfield>
    <subfield code="c">Emelda Ramos.</subfield>
  </datafield>
  <datafield tag="264" ind1=" " ind2=" ">
    <subfield code="a">Santo Domingo :</subfield>
    <subfield code="b">Archivo General de la Naci&#xF3;n,</subfield>
    <subfield code="c">2017.</subfield>
  </datafield>
  <datafield tag="300" ind1=" " ind2=" ">
    <subfield code="a">272 p&#xE1;ginas :</subfield>
    <subfield code="b">ilustraciones, mapas, retratos ;</subfield>
    <subfield code="c">23 cm.</subfield>
  </datafield>
  <datafield tag="336" ind1=" " ind2=" ">
    <subfield code="2">rdacontent</subfield>
    <subfield code="a">texto</subfield>
    <subfield code="b">txt</subfield>
  </datafield>
  <datafield tag="337" ind1=" " ind2=" ">
    <subfield code="2">rdamedia</subfield>
    <subfield code="a">sin mediaci&#xF3;n</subfield>
    <subfield code="b">n</subfield>
  </datafield>
  <datafield tag="338" ind1=" " ind2=" ">
    <subfield code="2">rdacarrier</subfield>
    <subfield code="a">volumen</subfield>
    <subfield code="b">nc</subfield>
  </datafield>
  <datafield tag="490" ind1=" " ind2=" ">
    <subfield code="a">Archivo General de la Naci&#xF3;n</subfield>
    <subfield code="v">315</subfield>
  </datafield>
  <datafield tag="500" ind1=" " ind2=" ">
    <subfield code="a">Incluye datos biogr&#xE1;ficos de la autora en las solapas.</subfield>
  </datafield>
  <datafield tag="500" ind1=" " ind2=" ">
    <subfield code="a">Incluye referencias bibliogr&#xE1;ficas y notas al pie de las p&#xE1;ginas</subfield>
  </datafield>
  <datafield tag="500" ind1=" " ind2=" ">
    <subfield code="a">4ta Feria del Libro por Historia Dominicana</subfield>
  </datafield>
  <datafield tag="504" ind1=" " ind2=" ">
    <subfield code="a">Bibliograf&#xED;a : p. 239-244</subfield>
  </datafield>
  <datafield tag="505" ind1="0" ind2=" ">
    <subfield code="a">Salvador del Rosario, 1846-1896 primer texto juananu&#xF1;ensa --Manuel de Jes&#xFA;s Paulino, 1866-1962 La d&#xE9;cima popular --Armando Cabral garrido,1883-1941la poes&#xED;a rom&#xE1;ntica --M&#xE9;lida Delgado Pantale&#xF3;n, 1885-1967 La dramaturgia -- Laudiceo S&#xE1;nchez, 1890-1979 La cr&#xF3;nica social -- Jes&#xFA;s Boanerges Sarmiento Roig, 1890-1960 -- Mar&#xED;a Josefa G&#xF3;mez Uribe, 1892-1971 El ensayo y la conferencia -- Juan A. Osorio G&#xF3;mez, 1895-1959 La primera novela -- Doroteo Antonio Regalado F&#xE9;lix, 1897-1956 periodismo y compilaci&#xF3;n -- Mar&#xED;a Teresa Brito Clemente, 1897-1977 La oratoria --Jos&#xE9; de Jes&#xFA;s Florencio Mendoza, 1903-1972 El primer libro de poes&#xED;a --Manuel Antonio Tejada Florentino, 1907-1960 El pr&#xF3;logo literario --Agripina Cabral de Macarrulla, 1907-1981 Poes&#xED;a postmodernista y testimonio --Jos&#xE9; Francisco Tapia Brea, 1908-1984 Los apuntes hist&#xF3;ricos, la epopeya --Julia Modesta Espinal Dur&#xE1;n, 1908-1996 El art&#xED;culo literario --Francisco Nicol&#xE1;s Rodr&#xED;guez Valerio, 1917-1985 La biograf&#xED;a y su &#xE9;tica -- Hugo Eduardo Polanco Brito, 1918-1996 La historia y la genealog&#xED;a -- Sergio Amaro Rosario, 1921-2007 El culto al soneto -- Antonio J. Tatem Mej&#xED;a, 1927- La poes&#xED;a patri&#xF3;tica --H&#xE9;ctor Francisco Osorio, 1929-1985 El relato de viaje.</subfield>
  </datafield>
  <datafield tag="590" ind1=" " ind2=" ">
    <subfield code="a">Inventariado, 2018/LP</subfield>
  </datafield>
  <datafield tag="910" ind1=" " ind2=" ">
    <subfield code="a">Btav&#xE1;rez</subfield>
  </datafield>
  <datafield tag="942" ind1=" " ind2=" ">
    <subfield code="2">ddc</subfield>
    <subfield code="c">LBS1</subfield>
  </datafield>
  <datafield tag="952" ind1=" " ind2=" ">
    <subfield code="0">0</subfield>
    <subfield code="1">0</subfield>
    <subfield code="2">ddc</subfield>
    <subfield code="5">6</subfield>
    <subfield code="7">0</subfield>
    <subfield code="8">DS</subfield>
    <subfield code="a">BNPHU</subfield>
    <subfield code="b">BNPHU</subfield>
    <subfield code="c">HD</subfield>
    <subfield code="d">2018-07-03</subfield>
    <subfield code="l">0</subfield>
    <subfield code="o">BNPHU DS  R175h</subfield>
    <subfield code="p">47568-30</subfield>
    <subfield code="r">2020-06-25</subfield>
    <subfield code="t">e. 3</subfield>
    <subfield code="w">2020-06-25</subfield>
    <subfield code="y">LBS1</subfield>
    <subfield code="Z">No se presta</subfield>
  </datafield>
  <datafield tag="952" ind1=" " ind2=" ">
    <subfield code="0">0</subfield>
    <subfield code="1">0</subfield>
    <subfield code="2">ddc</subfield>
    <subfield code="5">1</subfield>
    <subfield code="7">0</subfield>
    <subfield code="8">PD</subfield>
    <subfield code="a">BNPHU</subfield>
    <subfield code="b">BNPHU</subfield>
    <subfield code="c">HD</subfield>
    <subfield code="d">2018-07-03</subfield>
    <subfield code="l">0</subfield>
    <subfield code="o">BNPHU PD R175h</subfield>
    <subfield code="p">47568-10</subfield>
    <subfield code="r">2020-06-25</subfield>
    <subfield code="w">2020-06-25</subfield>
    <subfield code="y">LBS1</subfield>
    <subfield code="Z">No se presta</subfield>
  </datafield>
  <datafield tag="952" ind1=" " ind2=" ">
    <subfield code="0">0</subfield>
    <subfield code="1">0</subfield>
    <subfield code="2">ddc</subfield>
    <subfield code="5">1</subfield>
    <subfield code="7">0</subfield>
    <subfield code="8">PD</subfield>
    <subfield code="a">BNPHU</subfield>
    <subfield code="b">BNPHU</subfield>
    <subfield code="c">HD</subfield>
    <subfield code="d">2018-07-03</subfield>
    <subfield code="l">0</subfield>
    <subfield code="o">BNPHU PD R175h</subfield>
    <subfield code="p">47568-20</subfield>
    <subfield code="r">2020-06-25</subfield>
    <subfield code="t">e. 2</subfield>
    <subfield code="w">2020-06-25</subfield>
    <subfield code="y">LBS1</subfield>
    <subfield code="Z">No se presta</subfield>
  </datafield>
  <datafield tag="952" ind1=" " ind2=" ">
    <subfield code="0">0</subfield>
    <subfield code="1">0</subfield>
    <subfield code="2">ddc</subfield>
    <subfield code="5">6</subfield>
    <subfield code="7">0</subfield>
    <subfield code="8">DS</subfield>
    <subfield code="a">BNPHU</subfield>
    <subfield code="b">BNPHU</subfield>
    <subfield code="c">HD</subfield>
    <subfield code="d">2023-12-06</subfield>
    <subfield code="e">Donado por la Fundaci&#xF3;n Hermanas Mirabal</subfield>
    <subfield code="l">0</subfield>
    <subfield code="o">BNPHU DS R175h</subfield>
    <subfield code="p">2023-8277</subfield>
    <subfield code="r">2023-12-06</subfield>
    <subfield code="t">e.4</subfield>
    <subfield code="w">2023-12-06</subfield>
    <subfield code="y">LBS1</subfield>
  </datafield>
  <datafield tag="999" ind1=" " ind2=" ">
    <subfield code="c">47056</subfield>
    <subfield code="d">47056</subfield>
  </datafield>
</record>
